[Event "zonal 3.5 (w)"]
[Site "Tianjin CHN"]
[Date "2007.05.06"]
[Round "9.3"]
[White "Xiu Deshun"]
[Black "Zhou Weiqi"]
[Result "1-0"]
[WhiteElo "2289"]
[BlackElo "2469"]
[EventDate "2007.04.28"]
[PlyCount "81"]

1.d4 Nf6 2.c4 e6 3.Nf3 d5 4.Nc3 Bb4 5.Bg5 Nbd7 6.cxd5 exd5 7.Qc2 O-O 8.a3 
Bxc3+ 9.Qxc3 c6 10.e3 Qe8 11.Qc2 Ne4 12.Bf4 Qe7 13.Bd3 g5 14.Bxe4 Qxe4 15.
Qxe4 dxe4 16.Nxg5 Re8 17.f3 f5 18.fxe4 fxe4 19.O-O h6 20.Nh3 Re6 21.Bc7 
Nf6 22.Nf4 Re8 23.Rac1 Be6 24.Nxe6 Rxe6 25.Rf4 Nd5 26.Rg4+ Kh7 27.Be5 Re7 
28.Rxe4 Rf8 29.Rf1 Rxf1+ 30.Kxf1 Nb6 31.b3 c5 32.Ke2 c4 33.bxc4 Nxc4 34.
Rf4 b5 35.Rf6 a5 36.Bf4 Ra7 37.Rxh6+ Kg7 38.g4 Nxa3 39.Rb6 a4 40.Kd3 Kg8 
41.d5 1-0

[Event "zonal 3.5 (w)"]
[Site "Tianjin CHN"]
[Date "2007.05.06"]
[Round "9.5"]
[White "Wang Hao"]
[Black "Wan Yunguo"]
[Result "0-1"]
[WhiteElo "2638"]
[BlackElo "2386"]
[EventDate "2007.04.28"]
[PlyCount "86"]

1.e4 c5 2.Nf3 Nc6 3.Nc3 Nf6 4.Bb5 Qc7 5.O-O Nd4 6.d3 a6 7.Ba4 b5 8.Bb3 
Nxb3 9.axb3 Bb7 10.e5 Nd5 11.Ne4 f5 12.exf6 Nxf6 13.Nfg5 Qc6 14.Re1 h6 15.
Nf3 d6 16.c4 Nxe4 17.dxe4 g5 18.h4 g4 19.Nh2 h5 20.Nf1 Bg7 21.Ne3 e6 22.
Nd5 Kd7 23.Bg5 Bd4 24.Bf6 exd5 25.exd5 Qb6 26.Re7+ Kc8 27.Bxh8 Bxh8 28.Qd3
Kb8 29.cxb5 Bd4 30.Re8+ Ka7 31.Rxa8+ Kxa8 32.bxa6 Bxd5 33.a7 Qd8 34.Qf5 
Bb7 35.g3 Qe8 36.Kh2 Bxb2 37.Ra2 Bg7 38.Qg5 Be5 39.Qf5 Bc6 40.Ra6 Bf3 41.
Ra2 d5 42.Qc2 Qe7 43.Qg6 Qxh4+ 0-1

[Event "zonal 3.5 (w)"]
[Site "Tianjin CHN"]
[Date "2007.05.06"]
[Round "9.6"]
[White "Wang Chen"]
[Black "Lou Yiping"]
[Result "1/2-1/2"]
[WhiteElo "2249"]
[BlackElo "2268"]
[EventDate "2007.04.28"]
[PlyCount "113"]

1.e4 e6 2.d4 d5 3.Nd2 dxe4 4.Nxe4 Nd7 5.Nf3 Ngf6 6.Nxf6+ Nxf6 7.Bg5 h6 8.
Be3 Nd5 9.Qd2 Bd6 10.O-O-O Qe7 11.Bc4 Nxe3 12.fxe3 O-O 13.Kb1 e5 14.Rdf1 
e4 15.Ng1 Be6 16.Bxe6 Qxe6 17.Ne2 c6 18.Rf2 a6 19.Rhf1 Rad8 20.Rf5 Qe7 21.
h3 f6 22.g4 g6 23.R5f2 Kg7 24.h4 Qe6 25.h5 Qxg4 26.hxg6 h5 27.Nf4 Bxf4 28.
Rxf4 Qxg6 29.c4 Kh8 30.Qf2 Rd7 31.Rg1 Qh6 32.Rh1 Rh7 33.Ka1 Qg6 34.Rg1 Qf7
35.a3 Rh6 36.Rxe4 Rg8 37.Rh1 Qg6 38.Reh4 Qf7 39.Qe2 Rg5 40.e4 Qe8 41.Qf3 
Kg7 42.Rf4 Qe6 43.d5 Qd6 44.Rf1 Rhg6 45.c5 Qe5 46.Rxf6 cxd5 47.Rf8 Qd4 48.
Qf7+ Kh6 49.Qe8 Rg1 50.e5 R1g2 51.Rh8+ Kg5 52.Qe7+ Kg4 53.Qd7+ Kg3 54.Qxb7
Qxe5 55.Rc8 Kh2 56.Rc1 Rg7 57.Qb4 1/2-1/2

[Event "zonal 3.5 (w)"]
[Site "Tianjin CHN"]
[Date "2007.05.06"]
[Round "9.7"]
[White "Liang Chong"]
[Black "Wen Yang"]
[Result "0-1"]
[WhiteElo "2505"]
[BlackElo "2475"]
[EventDate "2007.04.28"]
[PlyCount "88"]

1.d4 d5 2.c4 dxc4 3.Nf3 e6 4.e3 c5 5.Bxc4 a6 6.O-O Nf6 7.Bb3 b5 8.a4 b4 9.
Nbd2 Bb7 10.e4 Be7 11.Re1 O-O 12.e5 Nfd7 13.Ne4 cxd4 14.Qd3 Nc6 15.Bf4 g6 
16.Rac1 Na5 17.Ba2 Bxe4 18.Qxe4 Nc5 19.Rxc5 Bxc5 20.Bg5 Be7 21.Qh4 Re8 22.
Bf6 Bxf6 23.exf6 b3 24.Bb1 e5 25.g4 Rc8 26.Bf5 Rc7 27.Bd3 Rc6 28.g5 h5 29.
Nxe5 Rc5 30.Bxg6 Rexe5 31.Bxf7+ Kxf7 32.Qxh5+ Ke6 33.Qg4+ Kd5 34.Rd1 Kc6 
35.h4 Kb6 36.Rxd4 Re1+ 37.Kh2 Qc7+ 38.Qf4 Rf5 39.Qxc7+ Kxc7 40.f4 Nc6 41.
Rc4 Re2+ 42.Kg3 Rxb2 43.Rc3 Rb1 44.Kg4 b2 0-1

[Event "zonal 3.5 (w)"]
[Site "Tianjin CHN"]
[Date "2007.05.06"]
[Round "9.8"]
[White "Lin Yi"]
[Black "Zhao Jun"]
[Result "0-1"]
[WhiteElo "2226"]
[BlackElo "2554"]
[EventDate "2007.04.28"]
[PlyCount "54"]

1.d4 d5 2.Nf3 e6 3.c4 c6 4.Nc3 Nf6 5.e3 a6 6.Qc2 c5 7.cxd5 exd5 8.Be2 Nc6 
9.dxc5 Bxc5 10.O-O O-O 11.Rd1 Ba7 12.b3 Be6 13.Ng5 h6 14.Nxe6 fxe6 15.Bb2 
Rc8 16.Rd2 b5 17.a3 Bb8 18.Qd1 Qe7 19.g3 Qf7 20.Bf3 Ne5 21.Bg2 Kh8 22.Qe2 
Nfd7 23.e4 Nc5 24.exd5 Nxb3 25.dxe6 Qxe6 26.Bd5 Qh3 27.Bg2 Qg4 0-1

[Event "zonal 3.5 (w)"]
[Site "Tianjin CHN"]
[Date "2007.05.06"]
[Round "9.9"]
[White "Wu Wenjin"]
[Black "Li Haoyu"]
[Result "0-1"]
[WhiteElo "2498"]
[BlackElo "2285"]
[EventDate "2007.04.28"]
[PlyCount "94"]

1.d4 Nf6 2.Nf3 e6 3.g3 b6 4.Bg2 Bb7 5.O-O c5 6.c3 Be7 7.a4 O-O 8.Na3 Na6 
9.Nb5 cxd4 10.cxd4 Nc7 11.Bg5 a6 12.Nxc7 Qxc7 13.Rc1 Qd8 14.Bxf6 Bxf6 15.
Qd3 d5 16.Rc2 Qd6 17.Qb3 Rfc8 18.Rfc1 g6 19.e3 Rxc2 20.Rxc2 Rc8 21.Rxc8+ 
Bxc8 22.Bf1 Qc6 23.Qd1 Be7 24.Ne5 Qc7 25.Nd3 Bd6 26.f4 Bd7 27.Ne5 Bxe5 28.
fxe5 b5 29.Qd2 bxa4 30.Bxa6 Qb6 31.Be2 Qb3 32.Bd1 Qa2 33.Qc1 Kg7 34.h4 h5 
35.g4 hxg4 36.Bxg4 Bb5 37.Bh3 Bd3 38.Bg2 Bf5 39.Kh2 Qc4 40.Qd2 Qb3 41.Kg3 
Bc2 42.Qc1 Bf5 43.Bf3 Qc4 44.Qd2 Qf1 45.Qd1 Qh3+ 46.Kf2 Qxh4+ 47.Kg1 Qg3+ 
0-1

[Event "zonal 3.5 (w)"]
[Site "Tianjin CHN"]
[Date "2007.05.06"]
[Round "9.10"]
[White "Yu Lie"]
[Black "Du Shan"]
[Result "1/2-1/2"]
[WhiteElo "2325"]
[BlackElo "2399"]
[EventDate "2007.04.28"]
[PlyCount "60"]

1.e4 e5 2.Nf3 d6 3.d4 Nd7 4.Nc3 c6 5.dxe5 dxe5 6.Bc4 Be7 7.Qe2 b5 8.Bb3 
Ngf6 9.a4 b4 10.Nb1 O-O 11.Nbd2 a5 12.O-O Qc7 13.Bc4 Nb6 14.Bd3 Be6 15.Nc4
Nfd7 16.Be3 f6 17.Rfd1 Kh8 18.Nh4 Bc5 19.Rd2 Bxe3 20.Nxe3 Nc5 21.b3 Rfd8 
22.Rad1 Rd7 23.Nc4 Nxd3 24.Nxb6 Nf4 25.Qe3 Rxd2 26.Rxd2 Rd8 27.Nf3 c5 28.
Nc4 Bxc4 29.bxc4 Ne6 30.Rd5 Nf4 1/2-1/2

[Event "zonal 3.5 (w)"]
[Site "Tianjin CHN"]
[Date "2007.05.06"]
[Round "9.11"]
[White "Zhang Ziyang"]
[Black "Wang Yu"]
[Result "0-1"]
[WhiteElo "2323"]
[BlackElo "2384"]
[EventDate "2007.04.28"]
[PlyCount "79"]

1.d4 d5 2.Nf3 Nf6 3.c4 c6 4.e3 a6 5.Nc3 b5 6.cxd5 cxd5 7.Bd3 e6 8.Ne5 Be7 
9.O-O O-O 10.f4 Bb7 11.f5 exf5 12.Bxf5 Nc6 13.Ng4 b4 14.Nxf6+ Bxf6 15.Na4 
Be7 16.Bd2 Bd6 17.Rc1 Ne7 18.Bd3 Rc8 19.Qe2 a5 20.Nc5 Bxc5 21.dxc5 Ng6 22.
a3 bxa3 23.bxa3 Re8 24.Bf5 Ra8 25.Qf2 Ne5 26.Bc3 Qc7 27.Qg3 Ba6 28.Rfd1 
Bc4 29.c6 g6 30.Bd7 f6 31.e4 Reb8 32.exd5 Rb3 33.Be6+ Kg7 34.Qf2 Rxc3 35.
Rxc3 Qd6 36.Qd4 Rb8 37.Rxc4 Nxc4 38.Qxc4 Rb2 39.c7 Qb6+ 40.Qd4 0-1

[Event "zonal 3.5 (w)"]
[Site "Tianjin CHN"]
[Date "2007.05.06"]
[Round "9.12"]
[White "Ju Wenjun"]
[Black "Ji Dan"]
[Result "1/2-1/2"]
[WhiteElo "2345"]
[BlackElo "2246"]
[EventDate "2007.04.28"]
[PlyCount "51"]

1.d4 d5 2.c4 e6 3.Nc3 Be7 4.Nf3 Nf6 5.Bg5 O-O 6.e3 h6 7.Bh4 b6 8.Bd3 dxc4 
9.Bxc4 Bb7 10.O-O Ne4 11.Bxe7 Qxe7 12.Bd3 Nxc3 13.bxc3 Nd7 14.e4 c5 15.Qe2
Rfd8 16.a4 a5 17.Rfb1 cxd4 18.cxd4 Rac8 19.Rb3 Qd6 20.h3 Rc7 21.Qe3 Rdc8 
22.Bb5 Bc6 23.Ba6 Bb7 24.Bb5 Bc6 25.Ba6 Bb7 26.Bb5 1/2-1/2

[Event "zonal 3.5 (w)"]
[Site "Tianjin CHN"]
[Date "2007.05.06"]
[Round "9.13"]
[White "Yu Yangyi"]
[Black "Li Shilong"]
[Result "1-0"]
[WhiteElo "2204"]
[BlackElo "2552"]
[EventDate "2007.04.28"]
[PlyCount "117"]

1.e4 d6 2.d4 g6 3.Nc3 Bg7 4.Bg5 a6 5.f4 h6 6.Bh4 c5 7.dxc5 Qa5 8.Qd2 Qxc5 
9.Nf3 Bg4 10.Nd5 Nd7 11.Bf2 Qc8 12.O-O-O Ngf6 13.Bd4 Be6 14.Bd3 Qc6 15.
Rhe1 Bxd5 16.exd5 Qxd5 17.c4 Qc6 18.Bc3 Nc5 19.f5 g5 20.Bc2 b5 21.Qxd6 
Qxd6 22.Rxd6 Ncd7 23.c5 Kf8 24.Rc6 Nd5 25.Rd1 Nxc3 26.bxc3 Ne5 27.Rxa6 Rc8
28.Be4 Nxf3 29.Bb7 Rb8 30.gxf3 Be5 31.Rd7 Kg7 32.Rxe7 Bf6 33.Rd7 Rhd8 34.
Rxd8 Bxd8 35.Bd5 Rc8 36.c6 Bc7 37.h3 Kf6 38.Be4 Ke5 39.Bd3 Kf4 40.Bxb5 
Kxf3 41.Bc4 Bf4+ 42.Kc2 Rc7 43.Ra8 Kg3 44.Bd5 Kxh3 45.Kd3 Kg4 46.Rh8 Kxf5 
47.Rxh6 Ke5 48.Kc4 g4 49.Rh7 Kf6 50.a4 Kg6 51.Rh8 f5 52.a5 Be3 53.Rg8+ Kf6
54.Kb5 Ke5 55.c4 Re7 56.a6 Ba7 57.Rd8 Kf6 58.Rd6+ Kg7 59.Rd7 1-0

[Event "zonal 3.5 (w)"]
[Site "Tianjin CHN"]
[Date "2007.05.06"]
[Round "9.14"]
[White "Wang Rui"]
[Black "Wei Chenpeng"]
[Result "1-0"]
[WhiteElo "2482"]
[BlackElo "2343"]
[EventDate "2007.04.28"]
[PlyCount "35"]

1.d4 Nf6 2.c4 e6 3.g3 c5 4.Nf3 cxd4 5.Nxd4 Nc6 6.Bg2 Bc5 7.Nb3 Bb4+ 8.Bd2 
d5 9.cxd5 Nxd5 10.O-O Be7 11.Nc3 Nb6 12.Qc2 O-O 13.Rad1 Qe8 14.Nb5 Bd8 15.
Nd6 Qe7 16.Be3 Nd7 17.Bxc6 bxc6 18.Qxc6 1-0

[Event "zonal 3.5 (w)"]
[Site "Tianjin CHN"]
[Date "2007.05.06"]
[Round "9.15"]
[White "Wang Li"]
[Black "Jia Haoxiang"]
[Result "1-0"]
[WhiteElo "2337"]
[BlackElo "2198"]
[EventDate "2007.04.28"]
[PlyCount "75"]

1.d4 d5 2.c4 c6 3.Nf3 Nf6 4.e3 e6 5.Bd3 Nbd7 6.Nbd2 Bd6 7.O-O O-O 8.b3 Qe7
9.Re1 Re8 10.e4 dxe4 11.Nxe4 Nxe4 12.Bxe4 h6 13.Bb2 Nf6 14.Bc2 Ba3 15.Bxa3
Qxa3 16.Ne5 Rd8 17.c5 Qa5 18.Re3 Qc7 19.Rf3 b6 20.Qd3 Kf8 21.Qe3 bxc5 22.
dxc5 Rd5 23.Re1 Ba6 24.b4 Rad8 25.Bb3 Rd4 26.Rxf6 gxf6 27.Qxh6+ Ke8 28.
Nxf7 Qe7 29.Nxd8 Kxd8 30.h3 e5 31.Qh8+ Kc7 32.Qa8 Bb7 33.Qxa7 Kc8 34.Bc2 
e4 35.b5 Qe5 36.Qb6 Rb4 37.Rd1 Qe7 38.Bb3 1-0

[Event "zonal 3.5 (w)"]
[Site "Tianjin CHN"]
[Date "2007.05.06"]
[Round "9.16"]
[White "Wang Jiaquan"]
[Black "Zhang Xiaowen"]
[Result "0-1"]
[WhiteElo "2276"]
[BlackElo "2203"]
[EventDate "2007.04.28"]
[PlyCount "84"]

1.e4 e6 2.d4 d5 3.Nd2 Nf6 4.e5 Nfd7 5.Bd3 c5 6.c3 Nc6 7.Ne2 cxd4 8.cxd4 f6
9.exf6 Nxf6 10.Nf3 Qc7 11.O-O Bd6 12.Bg5 O-O 13.Bh4 Nh5 14.Qc2 h6 15.Bh7+ 
Kh8 16.Bg6 Rxf3 17.Bxh5 Rf5 18.Bg6 Bxh2+ 19.Kh1 Bd6 20.Bxf5 exf5 21.f3 Qf7
22.g4 Nb4 23.Qd2 fxg4 24.Bg3 Qh5+ 25.Kg1 gxf3 26.Bxd6 Qg6+ 27.Ng3 Qxd6 28.
Rxf3 Bd7 29.a3 Nc6 30.Re1 Qg6 31.Kf2 Rc8 32.Ne2 Bg4 33.Rg1 Qh5 34.Ng3 Qg6 
35.Ne2 Qe6 36.Re3 Qf5+ 37.Kg2 Rf8 38.Nc3 Bf3+ 39.Kf2 Nxd4 40.Rxg7 Bg4+ 41.
Kg2 Qf1+ 42.Kg3 Qh3# 0-1

[Event "zonal 3.5 (w)"]
[Site "Tianjin CHN"]
[Date "2007.05.06"]
[Round "9.17"]
[White "Wang Xiaohui"]
[Black "Gu Xiaobing"]
[Result "0-1"]
[WhiteElo "2190"]
[BlackElo "2351"]
[EventDate "2007.04.28"]
[PlyCount "69"]

1.d4 d5 2.c4 e6 3.Nc3 Nf6 4.cxd5 exd5 5.Bg5 Bb4 6.Qa4+ Nc6 7.e3 h6 8.Bh4 
g5 9.Bg3 Ne4 10.Bb5 Bxc3+ 11.bxc3 Bd7 12.Qa3 h5 13.f3 Nxg3 14.hxg3 Qf6 15.
Ne2 Qe6 16.c4 dxc4 17.Qc3 O-O-O 18.Bxc4 Qe7 19.O-O-O f5 20.d5 Ne5 21.Bb3 
Kb8 22.Nd4 Rc8 23.Kb1 Ka8 24.Ne6 Qd6 25.Nxg5 Rhg8 26.f4 Ng4 27.Rxh5 Rge8 
28.Ne6 Nf2 29.Rc1 Bxe6 30.dxe6 Ne4 31.Qd4 Qa6 32.Rxf5 Nd6 33.Rfc5 Qb6 34.
f5 Rcd8 35.Rxc7 0-1

[Event "zonal 3.5 (w)"]
[Site "Tianjin CHN"]
[Date "2007.05.06"]
[Round "9.18"]
[White "Wu Kaiyu"]
[Black "Tian Bohan"]
[Result "1/2-1/2"]
[WhiteElo "2287"]
[BlackElo "2249"]
[EventDate "2007.04.28"]
[PlyCount "22"]

1.e4 c5 2.Nf3 e6 3.c3 Nf6 4.e5 Nd5 5.d4 cxd4 6.cxd4 d6 7.Bc4 Nb6 8.Bd3 Nc6
9.O-O Be7 10.a3 O-O 11.Qe2 f5 1/2-1/2

[Event "zonal 3.5 (w)"]
[Site "Tianjin CHN"]
[Date "2007.05.06"]
[Round "9.19"]
[White "An Zhixiao"]
[Black "Ding Yixin"]
[Result "1/2-1/2"]
[WhiteElo "2169"]
[BlackElo "2278"]
[EventDate "2007.04.28"]
[PlyCount "23"]

1.e4 c5 2.Nf3 Nc6 3.d4 cxd4 4.Nxd4 Nf6 5.Nc3 d6 6.Be2 e5 7.Nf3 h6 8.O-O 
Be7 9.Re1 O-O 10.h3 Be6 11.Bf1 Qa5 12.Bd2 1/2-1/2